The ventiled improved double-pit latrine : a construction manual for Botswana
Uloženo v:
| Hlavní autor: | |
|---|---|
| Další autoři: | |
| Médium: | Kniha |
| Jazyk: | English |
| Vydáno: |
Washington, D.C. : World Bank
1983
|
| Edice: | Technical note
|
| Témata: | |
| Tagy: |
Přidat tag
Žádné tagy, Buďte první, kdo vytvoří štítek k tomuto záznamu!
|
MARC
| LEADER | 00000nam a2200000Ia 4500 | ||
|---|---|---|---|
| 003 | 003357 | ||
| 005 | 20221231144002.0 | ||
| 008 | 140114s1983 waua 000 ||eng d | ||
| 040 | |c cru CEDI | ||
| 082 | |a 628.742 V269v | ||
| 100 | |a Van Nostrand, John |9 21187 | ||
| 245 | |a The ventiled improved double-pit latrine : a construction manual for Botswana | ||
| 260 | |a Washington, D.C. : World Bank |c 1983 | ||
| 300 | |a 47 páginas :ilustraciones | ||
| 440 | |a Technical note |n 3 |9 21781 | ||
| 650 | |x LETRINAS |x DISEÑO Y CONSTRUCCION |9 21782 | ||
| 700 | |9 21188 |a Wilson, James G | ||
| 942 | |2 ddc |c BK | ||
| 999 | |c 15185 |d 15185 | ||
